| 000 | 00000nam##2200000za#4500 |
| 001 | 9.644226 |
| 003 | CaOODSP |
| 005 | 20210624224539 |
| 007 | cr ||||||||||| |
| 008 | 150407|1965||||xxc|||||o f|0| 0 fre|d |
| 040 | |aCaOODSP|bfre |
| 043 | |an-cn--- |
| 086 | 1 |aA53-1227/1965F-PDF |
| 110 | 1 |aCanada.|bAgriculture Canada. |bService de l'information. |
| 245 | 10|aLes abeilles en paquets |h[ressource électronique] |
| 250 | |aRéimprimé 1967 |
| 260 | |aSaint-Jean-sur-Richelieu - Québec : |bAgriculture Canada. |c1965. |
| 300 | |a12p.|bill. |
| 500 | |aPublication historique numérisée par Agriculture et Agroalimentaire Canada. |
| 590 | |a15-02-Supp|b2015-02-16 |
| 856 | 40|ahttp://publications.gc.ca|qPDF|s1169 Ko|uhttps://publications.gc.ca/collections/collection_2015/aac-aafc/A53-1227-1965-fra.pdf |
| 986 | |aPublication 1227 |